Das Haus am Baumgarten T. 2. Das Stadtmuseum im Bertuchhaus

Bibliographic Details
Main Author: Kaiser, Paul (Author)
Format: Book
Language:German
PhysicalDescription:88 s. 8°
Published: Weimar Stadtmuseum 1980

MARC

LEADER 00000nam a2200000 a 4500
001 vtls001279995
003 SK-MaSNL
005 20260301004248.0
008 240314s1980 DE 0 ger
035 |a SNK000231365 
040 |a SNK  |b slo  |c SNK  |e AACR2 
041 0 |a ger 
044 |a DE 
100 1 |a Kaiser, Paul  |4 aut  |9 286832 
245 1 4 |a Das Haus am Baumgarten  |c Paul Kaiser  |n T. 2. Das Stadtmuseum im Bertuchhaus 
260 |a Weimar  |b Stadtmuseum  |c 1980 
300 |a 88 s.  |c 8° 
958 |a RK 
958 |a OND 
999 |c 541639  |d 543569 
952 |t P60, <04>, [BOOK], {604}  |a SNK  |b SNK  |y VYP  |7 0  |o snkIC 86057/2  |i snkV 3579/81  |0 0  |1 0  |4 0  |d 1997-03-13  |l 0  |r 2005-01-02 00:00:00  |w 2026-02-23